| 000 | 00397nam a2200145Ia 4500 | ||
|---|---|---|---|
| 008 | 210210b1982 xxu||||| |||| 00| 0 eng d | ||
| 082 | _a660 MOHE | ||
| 100 | _aMOHAPATRA (Gokulananda). | ||
| 245 | _aElements of industrial chemistry. | ||
| 260 |
_aNew Delhi. _bKalyani Publishers., _c1982 |
||
| 300 | _a264 | ||
| 650 | _aIndustrial Chemistry | ||
| 690 | _aIndustrial Chemistry | ||
| 906 | _a036004 | ||
| 999 |
_c86282 _d86282 |
||